00462nam a2200193Ia 4500003000400000005001700004008004100021020001500062040000700077041000800084082001900092100001800111245004500129250000600174260003800180300001500218365001300233650002200246OSt20230329090451.0210423s2002 xx 000 0 und d a3540780971 cAL aeng a547 223bFABK aFABER (Kurt). aBiotransformations in organic chemistry. a4 aNew DelhibSpringer Pvt Ltdc2002 axi,453bPB b477cINR aOrganic Chemistry